| 000 | 00627nam a2200217Ia 4500 | ||
|---|---|---|---|
| 008 | 160319s9999 xx 000 0 und d | ||
| 020 | _a0-590491105 | ||
| 050 | _a418.4 | ||
| 050 | _b.L775t 1996 | ||
| 245 | 4 | _aThe funny side : | |
| 245 | _bcreative expression: sometimes humor is the best way to communicate / Literacy sourcebook. | ||
| 260 | _aNew York : | ||
| 260 | _bScholastic Inc., | ||
| 260 | _c1996 | ||
| 300 | _a128 pages ; | ||
| 300 | _billustrations, color ; | ||
| 300 | _c29 cm. | ||
| 440 | _a Scholastic literacy place. | ||
| 650 | _aLanguage arts (Elementary). | ||
| 650 | _aReading (Elementary). | ||
| 999 |
_c291986 _d291986 |
||